000 01824nam a2200313Ia 4500
001
003 DO-SdBNP
005 20220425102208.0
008 140604s2007 dr 000 spa d
020 _a9789945427202
040 _aBPMSU
_bspa
_cBPMSU
082 _aRD864.44
_bH519h 2007
_222
100 1 _aHenríquez Ureña, Camila,
_d1894-1973.
245 1 0 _aHija de Camila =
_b Camila 's Line /
_cCamila Henríquez Ureña ;compiladora Daisy Cocco de Filippis ;
260 _aSanto Domingo :
_bEditora Nacional :
_bSecretaría de Estado de Cultura
300 _a291 págs.
500 _3incluye datos biográficos del autora en la solapa de la cubierta
505 0 _aAgradecimiento -- Acknowledgements -- Prólogo. Salomé Camila Henríquez Ureña 1984-1973: vida y obra -- Prologue. Camila Henríquez Ureña 1894-1973: Her life and work -- Feminismo -- La mujer y la cultura -- Woman and culture -- La carta como forma de expresión literaria femenina -- Cartas de amor divino: Santa Teresa de Jesús -- Cartas de amor mundano: Mariana Alcoforado -- La carta de polémica: Sor Juana Inés de la Cruz -- La carta como crónica: Madame de Sevigné -- The letter as an expression of feminine literary form -- Letters of divine love: Santa Teresa de Jesús -- Letter of Worldly love: Mariana Alcoforado -- The letter as the art of disputation: Sor Juana Inés de la Cruz -- The letter as Chronicle: Madame de Sevigné.
534 _aTexto en español e inglés
590 _8Inventariado, 2020/VM
600 1 4 _aHenríquez Ureña, Camila,
_d1894-1973
_vEnsayos, conferencias, etc
650 4 _aEnsayos dominicanos
650 4 _a Literatura dominicana
700 1 _aCocco De Filippis, Daisy,
_ecompiladora.
852 _t1
856 _3Archivo Digital Biblioteca Nacional
910 _aVMateo V.
942 _2ddc
_cBK
999 _c14158
_d14158